00415nam a2200157Ia 4500008004100000020001800041082001700059100001900076245002300095250000700118260004300125300002800168500001900196600002700215650001500242240925s9999 xx 000 0 und d a9789350145685 a621.3815 SHA aSharma, Sanjay 0aElectronic Devices aNA aNew Delhi:bS.K.Kataria & sonsc,2014. aviii,158p.b0fOriginal aIncludes Index aElectronic Engineering aTechnology